[Event "DEM U14 2009"]
[Site "Willingen GER"]
[Date "2009.05.31"]
[Round "2"]
[White "Göbel, Constantin"]
[Black "Kügel, Tobias"]
[Result "1/2-1/2"]
[Termination "normal"]
[Board "10"]
[WhiteElo "1885"]
[BlackElo "1918"]
[PlyCount "92"]
[WhiteFideId "24647071"]
[BlackFideId "4636295"]
[EventCountry "GER"]
[EventRounds "9"]
[EventType "swiss"]
[EventDate "2009.05.30"]

1. e4 e5 2. Nf3 Nf6 3. Nxe5 d6 4. Nf3 Nxe4 5. d4 d5 6. Bd3 Nc6 7. Bf4 Bd6 8.
Bxd6 Qxd6 9. O-O O-O 10. c4 Bg4 11. Be2 dxc4 12. Qc2 Nf6 13. Rd1 Bxf3 14. Bxf3
Nxd4 15. Qc3 Nxf3+ 16. Qxf3 Qb4 17. Na3 Rad8 18. Rdc1 Rd3 19. Qf4 Rfd8 20. h3
b5 21. Rab1 c6 22. Qc7 Qc5 23. Nc2 Ne4 24. Qf4 Nf6 25. Ne3 Nd5 26. Qf5 Qe7 27.
Ng4 g6 28. Qe5 h5 29. Nh6+ Kh7 30. Qxe7 Nxe7 31. Nxf7 R8d5 32. Re1 Nf5 33. Ne5
Rd2 34. Nxc6 Rd7 35. Ne5 Re7 36. Kf1 h4 37. Nc6 Rc7 38. Ne5 b4 39. Nf3 Rd6 40.
Ng5+ Kh6 41. Ne4 Ra6 42. Ra1 Re6 43. Rac1 Rce7 44. Nd2 c3 45. bxc3 bxc3 46. Nb3
Ra6 1/2-1/2

[Event "DEM U14 2009"]
[Site "Willingen GER"]
[Date "2009.05.31"]
[Round "2"]
[White "Marquardt, Patrick"]
[Black "Pauly, Carlo"]
[Result "0-1"]
[Termination "normal"]
[Board "11"]
[WhiteElo "1986"]
[BlackElo "2025"]
[PlyCount "134"]
[WhiteFideId "4670086"]
[BlackFideId "24673269"]
[EventCountry "GER"]
[EventRounds "9"]
[EventType "swiss"]
[EventDate "2009.05.30"]

1. e4 c5 2. Nf3 d6 3. d4 cxd4 4. Qxd4 a6 5. c4 Nf6 6. Nc3 Nc6 7. Qd2 e6 8. b3
Be7 9. Bb2 O-O 10. Be2 Qc7 11. O-O Rd8 12. Rac1 Ne5 13. Rfd1 b6 14. h3 Bb7 15.
Qe3 Rac8 16. Rd2 Ned7 17. Bd3 Qb8 18. Ba3 Bc6 19. e5 Ne8 20. exd6 Bxd6 21.
Bxh7+ Kxh7 22. Qd3+ Kg8 23. Bxd6 Nxd6 24. Qxd6 Bxf3 25. gxf3 Ne5 26. Qxb8 Rxb8
27. Rxd8+ Rxd8 28. Rd1 Nxf3+ 29. Kg2 Rxd1 30. Nxd1 Nd4 31. Nc3 f5 32. f4 Kf7
33. Kf2 Ke7 34. Ke3 Nc6 35. Ne2 Nb4 36. Nc3 Kd6 37. Kd4 g6 38. Ke3 e5 39. fxe5+
Kxe5 40. Na4 b5 41. cxb5 Nd5+ 42. Kf3 axb5 43. Nc5 b4 44. Nd7+ Kd4 45. Nf8 Ne7
46. Kf4 Kc3 47. h4 Kb2 48. Ne6 Kxa2 49. Nc5 Nd5+ 50. Ke5 Ne3 51. Kf4 Nd5+ 52.
Ke5 Ne7 53. Kf6 f4 54. Nd3 Kxb3 55. Nxf4 Kc4 56. Ng2 Nd5+ 57. Ke5 b3 58. Ne1
Kc3 59. Nf3 b2 60. Kxd5 b1=Q 61. Ng5 Qh1+ 62. Ke5 Qxh4 63. Kf6 Qh5 64. Ne4+ Kd4
65. Ng5 Kd5 66. Nf7 Qf5+ 67. Kg7 Qxf7+ 0-1

[Event "DEM U14 2009"]
[Site "Willingen GER"]
[Date "2009.05.31"]
[Round "2"]
[White "Müller, Alexander"]
[Black "Stövesand, Peter"]
[Result "1-0"]
[Termination "normal"]
[Board "14"]
[WhiteElo "1961"]
[BlackElo "1687"]
[PlyCount "91"]
[WhiteFideId "4624696"]
[BlackFideId "1270624"]
[EventCountry "GER"]
[EventRounds "9"]
[EventType "swiss"]
[EventDate "2009.05.30"]

1. e4 e5 2. Nf3 Nc6 3. Bc4 Bc5 4. d3 d6 5. c3 Nf6 6. O-O Bg4 7. Nbd2 O-O 8. h3
Bh5 9. Re1 Na5 10. Bb5 a6 11. Ba4 b5 12. Bc2 Bb6 13. Nf1 c5 14. Ng3 Bg6 15. Bg5
h6 16. Be3 Qc7 17. Nh4 Nc6 18. Qf3 Ne7 19. Bxh6 d5 20. Bg5 dxe4 21. dxe4 Nh7
22. Be3 a5 23. Nhf5 a4 24. Rad1 Ba5 25. Nxe7+ Qxe7 26. Nf5 Bxf5 27. Qxf5 a3 28.
Rd7 Qe8 29. Bxc5 g6 30. Qg4 Nf6 31. Re7 Nxg4 32. Rxe8 Rfxe8 33. b4 Nxf2 34.
bxa5 Nxh3+ 35. gxh3 Rxa5 36. Rd1 Raa8 37. Bb3 Red8 38. Bd5 Rac8 39. Bb4 Kg7 40.
Rf1 Rd7 41. Rf3 Ra7 42. Kf2 Rd8 43. Bc5 Ra4 44. Rxf7+ Kh6 45. Bf8+ Kh5 46. Rh7+
1-0

[Event "DEM U14 2009"]
[Site "Willingen GER"]
[Date "2009.06.02"]
[Round "4"]
[White "Powierski, Emil"]
[Black "Friedrich, Wiede"]
[Result "0-1"]
[Termination "normal"]
[Board "1"]
[WhiteElo "1857"]
[BlackElo "2028"]
[PlyCount "68"]
[WhiteFideId "4656199"]
[BlackFideId "24629537"]
[EventCountry "GER"]
[EventRounds "9"]
[EventType "swiss"]
[EventDate "2009.05.30"]

1. e4 e5 2. Nf3 Nc6 3. Bb5 a6 4. Ba4 Nf6 5. O-O Nxe4 6. d4 b5 7. Bb3 d5 8. dxe5
Be6 9. Be3 Bc5 10. Qe2 O-O 11. Rd1 Na5 12. Nbd2 Bxe3 13. Qxe3 Nxd2 14. Nxd2 Qe7
15. c3 Nc4 16. Nxc4 bxc4 17. Bc2 c5 18. f4 g6 19. Qg3 Kh8 20. b3 cxb3 21. axb3
Rfd8 22. Ra4 Bd7 23. Ra5 d4 24. cxd4 cxd4 25. Rxd4 Bf5 26. Rc4 Bxc2 27. Rxc2
Rd1+ 28. Kf2 Qb4 29. Qc3 Qxf4+ 30. Ke2 Qf1+ 31. Ke3 Re1+ 32. Kd4 Rd8+ 33. Rd5
Qf4+ 34. Kc5 Rc8+ 0-1

[Event "DEM U14 2009"]
[Site "Willingen GER"]
[Date "2009.06.02"]
[Round "4"]
[White "Mons, Leon"]
[Black "Kaphle, Sebastian"]
[Result "0-1"]
[Termination "normal"]
[Board "2"]
[WhiteElo "2134"]
[BlackElo "2120"]
[PlyCount "90"]
[WhiteFideId "4614950"]
[BlackFideId "24626708"]
[EventCountry "GER"]
[EventRounds "9"]
[EventType "swiss"]
[EventDate "2009.05.30"]

1. e4 c5 2. Nf3 Nc6 3. d4 cxd4 4. Nxd4 Nf6 5. Nc3 d6 6. Bg5 e6 7. Qd2 Be7 8.
O-O-O O-O 9. f4 Nxd4 10. Qxd4 Qa5 11. Kb1 h6 12. Bh4 Rd8 13. Qd2 Nxe4 14. Nxe4
Qxd2 15. Rxd2 Bxh4 16. Rxd6 Bd7 17. Rd1 Bc6 18. Bd3 Rd4 19. Nc5 Rad8 20. Rhg1
Be7 21. Nb3 Rxf4 22. Na5 Rfd4 23. Nxc6 bxc6 24. Be2 c5 25. c3 Rd2 26. Bf3 f5
27. Rxd2 Rxd2 28. Bh5 g5 29. Kc1 Rf2 30. Re1 Bd6 31. Rxe6 Bxh2 32. Rxh6 Rxg2
33. Rg6+ Kh7 34. Ra6 Rf2 35. Rxa7+ Kh6 36. Be8 g4 37. Ra6+ Kg5 38. Rg6+ Kf4 39.
a4 g3 40. Bc6 Rf1+ 41. Kd2 c4 42. Bb7 Bg1 43. Kc2 Be3 44. b4 cxb3+ 45. Kxb3
Rb1+ 0-1

[Event "DEM U14 2009"]
[Site "Willingen GER"]
[Date "2009.06.02"]
[Round "4"]
[White "Miller, Eduard"]
[Black "Klek, Hanna Marie"]
[Result "1-0"]
[Termination "normal"]
[Board "3"]
[WhiteElo "1783"]
[BlackElo "1992"]
[PlyCount "101"]
[WhiteFideId "24687022"]
[BlackFideId "24670057"]
[EventCountry "GER"]
[EventRounds "9"]
[EventType "swiss"]
[EventDate "2009.05.30"]

1. e4 c5 2. Nf3 d6 3. Bb5+ Bd7 4. Bxd7+ Qxd7 5. O-O Nf6 6. Qe2 Nc6 7. Rd1 e6 8.
d4 cxd4 9. Nxd4 a6 10. c4 Qc7 11. b3 Be7 12. Bb2 O-O 13. Nc3 Rfd8 14. Rd3 d5
15. Nxc6 bxc6 16. exd5 cxd5 17. cxd5 exd5 18. Rad1 Qb7 19. h3 Rd7 20. Qe5 Bd6
21. Qf5 Rad8 22. Ne2 Be7 23. Nf4 g6 24. Qe5 Qb8 25. Qxb8 Rxb8 26. Bxf6 Bxf6 27.
Nxd5 Kg7 28. Nxf6 Rxd3 29. Rxd3 Kxf6 30. Rd6+ Ke5 31. Rxa6 Rb7 32. Ra4 Kd5 33.
Kf1 Kc5 34. Ke2 Rd7 35. Rc4+ Kb5 36. a4+ Kb6 37. b4 f5 38. Rc5 Rd4 39. a5+ Kb7
40. Rb5+ Ka7 41. Ke3 Rd1 42. Rc5 Kb7 43. b5 Ra1 44. b6 Kb8 45. Re5 Ra4 46. Re8+
Kb7 47. Re7+ Kb8 48. Rxh7 Rxa5 49. Rg7 Ra3+ 50. Kf4 Ra2 51. Kg3 1-0

[Event "DEM U14 2009"]
[Site "Willingen GER"]
[Date "2009.06.02"]
[Round "4"]
[White "Hampel, Felix"]
[Black "Pauly, Carlo"]
[Result "1-0"]
[Termination "normal"]
[Board "4"]
[WhiteElo "1976"]
[BlackElo "2025"]
[PlyCount "95"]
[WhiteFideId "24668125"]
[BlackFideId "24673269"]
[EventCountry "GER"]
[EventRounds "9"]
[EventType "swiss"]
[EventDate "2009.05.30"]

1. d4 Nf6 2. Bg5 d5 3. Nd2 Bf5 4. Ngf3 Nbd7 5. e3 c5 6. c4 dxc4 7. Bxc4 e6 8.
O-O Be7 9. Qe2 Ne4 10. Bf4 O-O 11. d5 Nxd2 12. Nxd2 Nb6 13. e4 Nxc4 14. Qxc4
exd5 15. exd5 Bd6 16. Be3 Re8 17. Rad1 Qd7 18. Rfe1 b6 19. Qb3 Be4 20. Bf4 Bxf4
21. Nxe4 Bd6 22. Qf3 Rad8 23. Re3 Qc7 24. g3 Re7 25. Qe2 Rde8 26. Kg2 h6 27.
Qg4 Kf8 28. Rde1 Be5 29. Qf5 g6 30. Qf3 Qd7 31. Nf6 Bxf6 32. Qxf6 Rxe3 33. Qh8+
Ke7 34. Rxe3+ Kd8 35. Qf6+ Kc8 36. Rd3 Kb8 37. Qf4+ Kb7 38. Qxh6 Qf5 39. Qd2
Qe4+ 40. Kg1 Qe1+ 41. Kg2 Qe4+ 42. Rf3 Re5 43. Qf4 f6 44. Qxe4 Rxe4 45. Rxf6
Re2 46. b3 Rxa2 47. Rxg6 Rb2 48. h4 1-0

[Event "DEM U14 2009"]
[Site "Willingen GER"]
[Date "2009.06.02"]
[Round "4"]
[White "Sarchisov, Slavik"]
[Black "Carow, Johannes"]
[Result "0-1"]
[Termination "normal"]
[Board "5"]
[WhiteElo "2058"]
[BlackElo "1805"]
[PlyCount "114"]
[WhiteFideId "24647888"]
[BlackFideId "24692050"]
[EventCountry "GER"]
[EventRounds "9"]
[EventType "swiss"]
[EventDate "2009.05.30"]

1. e4 c5 2. Nf3 Nc6 3. d4 cxd4 4. Nxd4 Nf6 5. Nc3 e5 6. Ndb5 d6 7. Bg5 a6 8.
Na3 b5 9. Bxf6 gxf6 10. Nd5 f5 11. Bd3 Be6 12. O-O Bxd5 13. exd5 Ne7 14. Re1
Bg7 15. c3 O-O 16. Qh5 e4 17. Bf1 Re8 18. Nc2 Ng6 19. Nb4 Qf6 20. Nc6 Nf4 21.
Qd1 Qg5 22. Kh1 Be5 23. Qd2 Qg6 24. a4 bxa4 25. Rxa4 Kh8 26. Re3 Nh5 27. Re1
Nf4 28. Nxe5 dxe5 29. Re3 Qd6 30. c4 Qc5 31. Rea3 Qd4 32. Qe3 Qxb2 33. g3 Ng6
34. c5 f4 35. Qe2 Qc1 36. Qc4 Qe1 37. c6 f3 38. Ra2 Rab8 39. Ra1 Qxf2 40. R4a2
Rb2 41. Rxb2 Qxb2 42. Re1 Qd2 43. Qxe4 f5 44. Qc4 Qxe1 45. d6 Nf8 46. c7 Rc8
47. Qxa6 Kg7 48. Kg1 Qe3+ 49. Kh1 Qf2 50. Qa1 Nd7 51. Qc1 h6 52. Bh3 e4 53.
Qc3+ Kg6 54. Qa5 Ne5 55. d7 Rxc7 56. Qa6+ Rc6 57. Qa1 Nxd7 0-1

[Event "DEM U14 2009"]
[Site "Willingen GER"]
[Date "2009.06.02"]
[Round "4"]
[White "Schreiner, Till"]
[Black "Grewenig, Jan"]
[Result "1-0"]
[Termination "normal"]
[Board "6"]
[WhiteElo "2082"]
[BlackElo "1882"]
[PlyCount "41"]
[WhiteFideId "24675555"]
[BlackFideId "4657330"]
[EventCountry "GER"]
[EventRounds "9"]
[EventType "swiss"]
[EventDate "2009.05.30"]

1. d4 Nf6 2. c4 c5 3. d5 b5 4. Nf3 bxc4 5. Nc3 d6 6. e4 g6 7. Bxc4 Bg7 8. e5
dxe5 9. Nxe5 O-O 10. O-O Nfd7 11. Nxf7 Rxf7 12. d6 Ne5 13. Bxf7+ Kxf7 14. Qd5+
e6 15. Qxa8 Nec6 16. Ne4 Be5 17. Be3 Bxd6 18. Rfd1 Bxh2+ 19. Kxh2 Qh4+ 20. Kg1
Qxe4 21. Rd8 1-0

[Event "DEM U14 2009"]
[Site "Willingen GER"]
[Date "2009.06.02"]
[Round "4"]
[White "Möhn, Hans"]
[Black "Mundorf, Johannes"]
[Result "1-0"]
[Termination "normal"]
[Board "7"]
[WhiteElo "1953"]
[BlackElo "1688"]
[PlyCount "117"]
[WhiteFideId "24647837"]
[BlackFideId "24672491"]
[EventCountry "GER"]
[EventRounds "9"]
[EventType "swiss"]
[EventDate "2009.05.30"]

1. e4 e6 2. d4 d5 3. Nc3 Nc6 4. Nf3 Nf6 5. e5 Ne4 6. a3 Nxc3 7. bxc3 Na5 8. Bd3
Bd7 9. h4 c5 10. h5 h6 11. g3 Qc7 12. Kf1 Rc8 13. a4 Be7 14. Kg2 Nc6 15. Rb1
cxd4 16. cxd4 Nb4 17. Ba3 Nxd3 18. Qxd3 Bxa3 19. Qxa3 b6 20. Rhc1 Qd8 21. a5 b5
22. Nd2 Qe7 23. Qxe7+ Kxe7 24. c3 f6 25. f4 fxe5 26. fxe5 Rhf8 27. Nb3 Rf5 28.
Nc5 Rxc5 29. dxc5 Rxh5 30. Re1 Rf5 31. Rb4 a6 32. Rf4 Be8 33. Kf3 Rg5 34. g4
Bg6 35. Kg3 h5 36. Kh4 Rxg4+ 37. Rxg4 hxg4 38. Kxg4 Kd7 39. Kf4 Bf5 40. Ke3 g5
41. Kd4 g4 42. Rh1 Be4 43. Rh8 g3 44. Rg8 g2 45. Rg3 Kc7 46. Rg7+ Kc6 47. Ke3
g1=Q+ 48. Rxg1 Kxc5 49. Rg7 b4 50. Rc7+ Kb5 51. Rb7+ Kxa5 52. Rxb4 Bf5 53. Kd4
Bh3 54. Kc5 Bf5 55. Rh4 Bd3 56. Rh6 Bf5 57. Kd6 Kb6 58. Rxe6 a5 59. Rf6 1-0

[Event "DEM U14 2009"]
[Site "Willingen GER"]
[Date "2009.06.02"]
[Round "4"]
[White "Müller, Alexander"]
[Black "Kyas, Philipp"]
[Result "1/2-1/2"]
[Termination "normal"]
[Board "8"]
[WhiteElo "1961"]
[BlackElo "1921"]
[PlyCount "92"]
[WhiteFideId "4624696"]
[BlackFideId "24670936"]
[EventCountry "GER"]
[EventRounds "9"]
[EventType "swiss"]
[EventDate "2009.05.30"]

1. e4 c6 2. d4 d5 3. exd5 cxd5 4. Bd3 Nc6 5. c3 Nf6 6. Bf4 Bg4 7. Qb3 Qc8 8.
Nd2 e6 9. Ngf3 Be7 10. O-O Bh5 11. Rae1 O-O 12. Ne5 Nxe5 13. Bxe5 Nd7 14. Bg3
Bg6 15. Bxg6 hxg6 16. Rc1 f5 17. f3 f4 18. Bf2 b5 19. a4 bxa4 20. Qxa4 Nb6 21.
Qc2 Kf7 22. b3 Rh8 23. Rfe1 Rh5 24. Nf1 a5 25. Qd2 g5 26. Ra1 a4 27. bxa4 Rxa4
28. Rxa4 Nxa4 29. Rc1 Qc4 30. Qc2 Rh8 31. Nd2 Qb5 32. c4 Qb2 33. cxd5 Qxc2 34.
dxe6+ Kxe6 35. Rxc2 Kd5 36. Ra2 Ra8 37. Ne4 Rc8 38. h4 Nc3 39. Rc2 Bb4 40.
Nxc3+ Rxc3 41. Rxc3 Bxc3 42. hxg5 Bxd4 43. Bxd4 Kxd4 44. Kh2 Ke5 45. Kh3 Kf5
46. g6 Kg5 1/2-1/2

[Event "DEM U14 2009"]
[Site "Willingen GER"]
[Date "2009.06.02"]
[Round "4"]
[White "Davydov, Ruven"]
[Black "Rührmund, Daniel"]
[Result "1-0"]
[Termination "normal"]
[Board "9"]
[WhiteElo "1914"]
[BlackElo "1879"]
[PlyCount "57"]
[WhiteFideId "24666068"]
[BlackFideId "24674583"]
[EventCountry "GER"]
[EventRounds "9"]
[EventType "swiss"]
[EventDate "2009.05.30"]

1. e4 c5 2. Nf3 e6 3. d4 cxd4 4. Nxd4 a6 5. Nc3 Qc7 6. Bd3 Nf6 7. O-O b5 8. Qe2
d6 9. Bd2 Bb7 10. f4 Nbd7 11. Kh1 Be7 12. b4 Nb6 13. a4 bxa4 14. Nxa4 O-O 15.
Nb3 Nxa4 16. Rxa4 Qc6 17. b5 axb5 18. Rxa8 Rxa8 19. Na5 Qb6 20. Nxb7 Qxb7 21.
e5 Nd5 22. f5 dxe5 23. fxe6 Bf6 24. exf7+ Qxf7 25. Bxb5 Nb6 26. Qe4 Rc8 27. Bd3
h6 28. Qh7+ Kf8 29. Bb4+ 1-0

[Event "DEM U14 2009"]
[Site "Willingen GER"]
[Date "2009.06.02"]
[Round "4"]
[White "Moritz, Aron"]
[Black "Stenzel, Jan"]
[Result "1-0"]
[Termination "normal"]
[Board "10"]
[WhiteElo "1983"]
[BlackElo "1677"]
[PlyCount "101"]
[WhiteFideId "24672319"]
[BlackFideId "12900052"]
[EventCountry "GER"]
[EventRounds "9"]
[EventType "swiss"]
[EventDate "2009.05.30"]

1. e4 c5 2. Nf3 d6 3. d4 cxd4 4. Nxd4 Nf6 5. Nc3 g6 6. Be3 Bg7 7. f3 Nc6 8. Qd2
O-O 9. O-O-O d5 10. exd5 Nxd5 11. Nxc6 bxc6 12. Bd4 e5 13. Bc5 Be6 14. Ne4 Re8
15. h4 h6 16. g4 Qb8 17. g5 h5 18. Bh3 Bxh3 19. Rxh3 Kh7 20. Rhh1 Qb5 21. Qd3
Qa4 22. Qb3 Qa6 23. Nd6 Reb8 24. Qa3 Qxa3 25. Bxa3 f6 26. gxf6 Bxf6 27. Ne4 Bd8
28. Bd6 Rb7 29. Bxe5 Ne3 30. Rxd8 Rxd8 31. Nf6+ Kg7 32. Ng4+ Kg8 33. Nxe3 Re8
34. f4 Rb4 35. b3 Re4 36. Nc4 Re2 37. Rg1 Kh7 38. Rd1 Re7 39. Rd8 g5 40. hxg5
Kg6 41. Nd6 h4 42. Rh8 R7xe5 43. Rh6+ Kg7 44. fxe5 Rxe5 45. Rxh4 Rxg5 46. Rc4
Ra5 47. a4 Ra6 48. Nf5+ Kf7 49. Nd4 Ke8 50. Nxc6 Kd7 51. Nb8+ 1-0

[Event "DEM U14 2009"]
[Site "Willingen GER"]
[Date "2009.06.02"]
[Round "4"]
[White "Marquardt, Patrick"]
[Black "Pältz, Sebastian"]
[Result "1-0"]
[Termination "normal"]
[Board "11"]
[WhiteElo "1986"]
[BlackElo "1830"]
[PlyCount "61"]
[WhiteFideId "4670086"]
[BlackFideId "24648027"]
[EventCountry "GER"]
[EventRounds "9"]
[EventType "swiss"]
[EventDate "2009.05.30"]

1. e4 e5 2. Nf3 Nc6 3. Bc4 Bc5 4. c3 Nf6 5. d3 d5 6. exd5 Nxd5 7. Qb3 Nb6 8.
Bxf7+ Kf8 9. Bc4 Bf5 10. O-O Bxd3 11. Bxd3 Qxd3 12. Ng5 Nd8 13. Rd1 Qc4 14. Qc2
Ke7 15. b3 Qg4 16. h3 Qh5 17. Ne4 Ne6 18. Nxc5 Nxc5 19. Ba3 Nbd7 20. Rxd7+ Kxd7
21. Bxc5 Rad8 22. Na3 Kc8 23. Re1 b6 24. Be3 Rhe8 25. Qe4 Kb8 26. Nc4 Re7 27.
g4 Qxh3 28. Bg5 Rf8 29. Re3 Ref7 30. Rxh3 Rxf2 31. Rd3 1-0

[Event "DEM U14 2009"]
[Site "Willingen GER"]
[Date "2009.06.02"]
[Round "4"]
[White "Göbel, Constantin"]
[Black "Collmer, Dominik"]
[Result "1/2-1/2"]
[Termination "normal"]
[Board "12"]
[WhiteElo "1885"]
[BlackElo "1734"]
[PlyCount "50"]
[WhiteFideId "24647071"]
[BlackFideId "4620763"]
[EventCountry "GER"]
[EventRounds "9"]
[EventType "swiss"]
[EventDate "2009.05.30"]

1. e4 c5 2. Nf3 Nc6 3. d4 cxd4 4. Nxd4 Nf6 5. Nc3 d6 6. Bc4 Qb6 7. Ndb5 a6 8.
Be3 Qd8 9. Nd4 e6 10. O-O Be7 11. Kh1 e5 12. Nde2 Rb8 13. Nd5 Nxd5 14. Bxd5 Be6
15. Nc3 Nb4 16. f4 O-O 17. fxe5 Nxd5 18. Nxd5 Bxd5 19. Qxd5 Qc7 20. c3 Rfc8 21.
Ba7 Ra8 22. Bf2 b5 23. Rfd1 Qc4 24. Qb7 Qc7 25. Qd5 Qc4 1/2-1/2

[Event "DEM U14 2009"]
[Site "Willingen GER"]
[Date "2009.06.02"]
[Round "4"]
[White "Neumair, Jerome"]
[Black "Kügel, Tobias"]
[Result "1-0"]
[Termination "normal"]
[Board "13"]
[WhiteElo "1988"]
[BlackElo "1918"]
[PlyCount "107"]
[WhiteFideId "24672637"]
[BlackFideId "4636295"]
[EventCountry "GER"]
[EventRounds "9"]
[EventType "swiss"]
[EventDate "2009.05.30"]

1. d4 d5 2. c4 c6 3. Nf3 Nf6 4. Nc3 Nbd7 5. Bg5 e6 6. e3 a6 7. a4 Bb4 8. Qc2
Qa5 9. Nd2 O-O 10. Be2 Qc7 11. O-O h6 12. Bh4 Bd6 13. Bg3 Bxg3 14. hxg3 e5 15.
dxe5 Nxe5 16. cxd5 cxd5 17. Rac1 Qd6 18. Rfd1 Be6 19. Nb3 Rfd8 20. Rd2 Rac8 21.
Qd1 Qe7 22. Nd4 Ne4 23. Rdc2 Nxc3 24. Rxc3 Nc4 25. Nxe6 Qxe6 26. Qb3 Rc6 27.
Qxb7 Rb6 28. Qc7 Rc8 29. Qf4 Rxb2 30. Bg4 Qc6 31. Bxc8 Qxc8 32. Qd4 Qc6 33.
Rxc4 dxc4 34. Qxb2 Qxa4 35. Qc3 a5 36. Qxc4 Qe8 37. Qc8 Kf8 38. Qxe8+ Kxe8 39.
Ra1 a4 40. Rxa4 f5 41. Ra7 f4 42. Kf1 g5 43. exf4 g4 44. Ke2 h5 45. Ke3 h4 46.
gxh4 g3 47. fxg3 Kd8 48. Kd4 Ke8 49. Kd5 Kd8 50. Kc6 Ke8 51. Kd6 Kf8 52. Ke6
Kg8 53. Kf6 Kh8 54. Kg6 1-0

[Event "DEM U14 2009"]
[Site "Willingen GER"]
[Date "2009.06.02"]
[Round "4"]
[White "Gubela, Hans-Erich Constantin"]
[Black "Stövesand, Peter"]
[Result "1-0"]
[Termination "normal"]
[Board "14"]
[WhiteElo "1736"]
[BlackElo "1687"]
[PlyCount "63"]
[WhiteFideId "24692140"]
[BlackFideId "1270624"]
[EventCountry "GER"]
[EventRounds "9"]
[EventType "swiss"]
[EventDate "2009.05.30"]

1. e4 e5 2. Nf3 Nc6 3. d4 exd4 4. Bc4 Bc5 5. c3 Qf6 6. O-O d6 7. Kh1 h6 8. b4
Bb6 9. b5 Ne5 10. Nxe5 dxe5 11. f4 Be6 12. fxe5 Qxe5 13. Bf4 Qc5 14. Bxe6 fxe6
15. Qb3 O-O-O 16. a4 Ba5 17. Qxe6+ Kb8 18. cxd4 Qxd4 19. Na3 Bc3 20. Rac1 Nf6
21. b6 Rde8 22. bxc7+ Ka8 23. c8=Q+ Rxc8 24. Nb5 Qxe4 25. Qh3 Nd5 26. Nxc3 Rxc3
27. Rxc3 Nxc3 28. Qxc3 Qxa4 29. Be3 Qd7 30. Ra1 Rc8 31. Rxa7+ Kb8 32. Bf4+ 1-0

[Event "DEM U14 2009"]
[Site "Willingen GER"]
[Date "2009.06.02"]
[Round "5"]
[White "Friedrich, Wiede"]
[Black "Kaphle, Sebastian"]
[Result "1/2-1/2"]
[Termination "normal"]
[Board "1"]
[WhiteElo "2028"]
[BlackElo "2120"]
[PlyCount "57"]
[WhiteFideId "24629537"]
[BlackFideId "24626708"]
[EventCountry "GER"]
[EventRounds "9"]
[EventType "swiss"]
[EventDate "2009.05.30"]

1. e4 d5 2. exd5 Qxd5 3. Nc3 Qa5 4. d4 Nf6 5. Bd2 c6 6. Nf3 Bf5 7. Bc4 e6 8.
O-O Bb4 9. a3 Bxc3 10. Bxc3 Qc7 11. Bd3 Bg6 12. Ne5 O-O 13. Bxg6 hxg6 14. Re1
Nbd7 15. Bd2 Rfd8 16. Bf4 Nxe5 17. Bxe5 Qb6 18. Re3 c5 19. Rb3 Qc6 20. Rc3 b6
21. Qe2 Nd7 22. Rd1 Nxe5 23. dxe5 Rd5 24. Rcd3 Rad8 25. c4 Rxd3 26. Rxd3 Qc7
27. f4 Kf8 28. Qd2 Ke7 29. Kf2 1/2-1/2

[Event "DEM U14 2009"]
[Site "Willingen GER"]
[Date "2009.06.02"]
[Round "5"]
[White "Carow, Johannes"]
[Black "Hampel, Felix"]
[Result "1/2-1/2"]
[Termination "normal"]
[Board "2"]
[WhiteElo "1805"]
[BlackElo "1976"]
[PlyCount "97"]
[WhiteFideId "24692050"]
[BlackFideId "24668125"]
[EventCountry "GER"]
[EventRounds "9"]
[EventType "swiss"]
[EventDate "2009.05.30"]

1. d4 d6 2. c4 e5 3. dxe5 dxe5 4. Qxd8+ Kxd8 5. Nc3 Be6 6. b3 Nd7 7. Bb2 c6 8.
g3 Kc7 9. Bh3 Bxh3 10. Nxh3 f6 11. O-O-O Nh6 12. Rd2 Be7 13. Rhd1 Rhd8 14. Ne4
a5 15. f3 a4 16. g4 Nf7 17. Kc2 Nf8 18. Rxd8 Nxd8 19. e3 Nfe6 20. g5 Nc5 21.
gxf6 gxf6 22. Ng3 Nce6 23. Nf5 Bf8 24. f4 Nf7 25. Rf1 axb3+ 26. axb3 Ra5 27.
Ng3 Be7 28. Nh5 exf4 29. N5xf4 Nxf4 30. Nxf4 Ne5 31. Rg1 h6 32. Rg7 Kd8 33. h3
Ke8 34. Rg8+ Kf7 35. Rb8 b5 36. Bc3 Ra2+ 37. Kb1 Ra3 38. Rh8 Rxb3+ 39. Kc2 bxc4
40. Rxh6 Bb4 41. Bxb4 Rxb4 42. Rh7+ Kg8 43. Ra7 Rb3 44. Nh5 Nd3 45. Nxf6+ Kf8
46. Rd7 Nb4+ 47. Kc1 Rc3+ 48. Kb1 Rb3+ 49. Kc1 1/2-1/2

[Event "DEM U14 2009"]
[Site "Willingen GER"]
[Date "2009.06.02"]
[Round "5"]
[White "Miller, Eduard"]
[Black "Powierski, Emil"]
[Result "1/2-1/2"]
[Termination "normal"]
[Board "3"]
[WhiteElo "1783"]
[BlackElo "1857"]
[PlyCount "57"]
[WhiteFideId "24687022"]
[BlackFideId "4656199"]
[EventCountry "GER"]
[EventRounds "9"]
[EventType "swiss"]
[EventDate "2009.05.30"]

1. e4 c5 2. Nf3 d6 3. Bb5+ Bd7 4. Bxd7+ Qxd7 5. O-O Nf6 6. Qe2 Nc6 7. Rd1 e6 8.
d4 cxd4 9. Nxd4 Be7 10. c4 Nxd4 11. Rxd4 Qc6 12. Nc3 O-O 13. b3 Rfd8 14. Bb2 a6
15. Rad1 Rac8 16. h3 Ne8 17. R4d3 b5 18. cxb5 axb5 19. Rg3 Bf6 20. a3 Qb6 21.
Rb1 b4 22. Na4 Qb7 23. Bxf6 Nxf6 24. e5 dxe5 25. Qxe5 Kh8 26. Nc5 Qb6 27. Qg5
Rg8 28. axb4 Qxb4 29. Nd3 1/2-1/2

[Event "DEM U14 2009"]
[Site "Willingen GER"]
[Date "2009.06.02"]
[Round "5"]
[White "Mons, Leon"]
[Black "Möhn, Hans"]
[Result "1-0"]
[Termination "normal"]
[Board "4"]
[WhiteElo "2134"]
[BlackElo "1953"]
[PlyCount "77"]
[WhiteFideId "4614950"]
[BlackFideId "24647837"]
[EventCountry "GER"]
[EventRounds "9"]
[EventType "swiss"]
[EventDate "2009.05.30"]

1. e4 c5 2. Nf3 a6 3. c3 e6 4. d4 d5 5. exd5 Qxd5 6. Be3 cxd4 7. cxd4 Nf6 8.
Nc3 Qd8 9. Be2 Be7 10. Ne5 O-O 11. O-O Nc6 12. Bf3 Bd7 13. Rc1 Be8 14. Qe2 Rc8
15. Rfd1 Nd5 16. Nxd5 exd5 17. Nd3 f5 18. Nc5 Bxc5 19. dxc5 d4 20. Bxd4 Nxd4
21. Qc4+ Bf7 22. Qxd4 Qxd4 23. Rxd4 Rc7 24. Rb4 Rb8 25. Rb6 Be8 26. g4 fxg4 27.
Bd5+ Bf7 28. Bg2 Kf8 29. c6 Be6 30. Rc3 Ke7 31. cxb7 Rxc3 32. bxc3 Kd7 33. Rxa6
Bc4 34. Ra8 Kc7 35. a4 h5 36. a5 h4 37. a6 Bxa6 38. Rxa6 h3 39. Ra8 1-0

[Event "DEM U14 2009"]
[Site "Willingen GER"]
[Date "2009.06.02"]
[Round "5"]
[White "Klek, Hanna Marie"]
[Black "Schreiner, Till"]
[Result "1-0"]
[Termination "normal"]
[Board "5"]
[WhiteElo "1992"]
[BlackElo "2082"]
[PlyCount "85"]
[WhiteFideId "24670057"]
[BlackFideId "24675555"]
[EventCountry "GER"]
[EventRounds "9"]
[EventType "swiss"]
[EventDate "2009.05.30"]

1. e4 c5 2. Nc3 d6 3. Nge2 Nf6 4. d4 cxd4 5. Nxd4 a6 6. Be3 e5 7. Nb3 Be6 8. f3
Be7 9. Qd2 O-O 10. O-O-O a5 11. Kb1 a4 12. Nc1 Ra5 13. Qf2 Nbd7 14. g4 d5 15.
g5 Nxe4 16. Nxe4 dxe4 17. fxe4 Bxg5 18. h4 Bxe3 19. Qxe3 Qc7 20. Rg1 Rc8 21.
Rd2 a3 22. b3 Rc5 23. Bd3 Qa5 24. Ne2 Nf6 25. Rdd1 Bg4 26. c4 R5c6 27. Rdf1
Bxe2 28. Qxe2 Rd8 29. Rg3 Rcd6 30. Bc2 Qc5 31. Qf2 Qxf2 32. Rxf2 Rd4 33. Rxf6
Rd2 34. Rf1 Rh2 35. b4 Rxh4 36. Rxa3 Rf4 37. Rh1 g5 38. Ra5 f6 39. Rd5 Rxd5 40.
cxd5 f5 41. d6 fxe4 42. d7 Rf8 43. Bxe4 1-0